000
002940000a22000970004500
100
1
_a
Copan, Paul
245
1
0
_a
Augustine and the scandal of the North African catholic mind
300
_a
Vol. 41, Num 2 (Junio, 1998), Páginas 287-296
773
0
_t
Journal of the Theological Society
942
_c
ANA
999
_c
54580
_d
54580